000 00430cam a22001217a 4500
008 180718b1974 xxu||||| |||| 00| 0 eng d
082 _aK18x54 Si64
100 _aSanghi, Narendra Kumar
245 _aBureaucracy: positions and persons, role structures, interactions and value-orientations of bureaucrats in Rajasthan
_cby Narendra Kumar Sanghi
260 _aDelhi
_bAbhinav
_c1974
300 _a398p.
650 _aBureaucracy - India
999 _c353598
_d353598